000 00600nam a22002052 4500
001 0000002349
005 20151217151851.0
008 070410s xx 000 0 eng d
020 _cKES 3,500
040 _aKABU
_cKABU
050 0 _aHF5549
_b.A3L44 1995
100 1 _aLegge, Karen.
_@0000151695
245 1 0 _aHuman resource management :
_brhetorics and realities /
_cKaren Legge.
260 _aHoundsmills :
_bPalgrave,
_c1995.
300 _a385 p.
650 0 _aPersonnel management.
_@0000150761
908 _a070410
950 _@1
999 _c5807
_d5807